000 00413nam a2200193Ia 4500
008 210210b1954 xxu||||| |||| 00| 0 eng d
041 _aeng
082 _a827/24
100 _aWILLIAMS
245 _aHow to be topp
260 _aLondon
_bNot Mentioned
_c1954
650 _atopp
650 _ato
650 _aHow
650 _abe
690 _aEnglish Collections
700 _aSCARLE
906 _a015847
999 _c135237
_d135237